| 000 | 01507cam a2200373 i 4500 | ||
|---|---|---|---|
| 001 | 21342891 | ||
| 003 | NUST | ||
| 005 | 20220607105248.0 | ||
| 008 | 191220s2020 mau b 001 0 eng | ||
| 010 | _a 2019057051 | ||
| 020 |
_a9780262539333 _q(paperback) |
||
| 038 | _aMuzammil | ||
| 040 |
_aDLC _beng _cDLC _erda _dDLC |
||
| 042 | _apcc | ||
| 050 | 0 | 0 |
_aQ334.7 _b.D38 2020 |
| 082 | 0 | 0 |
_a303.4834 _223 _bDAU |
| 100 | 1 |
_aDauvergne, Peter, _eauthor. _992029 |
|
| 245 | 1 | 0 |
_aAI in the wild : _bsustainability in the age of artificial intelligence / _cPeter Dauvergne. |
| 246 | 3 | _aArtificial intelligence in the wild | |
| 264 | 1 |
_aCambridge, Massachusetts : _bThe MIT Press, _c[2020] |
|
| 300 |
_axiv, 262 pages ; _c23 cm. |
||
| 336 |
_atext _btxt _2rdacontent |
||
| 337 |
_aunmediated _bn _2rdamedia |
||
| 338 |
_avolume _bnc _2rdacarrier |
||
| 490 | 0 | _aOne planet | |
| 504 | _aIncludes bibliographical references (pages [197]-234) and index. | ||
| 520 |
_a"The first book to analyze the consequences of the political economy of artificial intelligence for global sustainability"-- _cProvided by publisher. |
||
| 650 | 0 |
_aArtificial intelligence _xSocial aspects. _918470 |
|
| 650 | 0 |
_aArtificial intelligence _xEconomic aspects. _992030 |
|
| 650 | 0 | _aSustainable development. | |
| 906 |
_a7 _bcbc _corignew _d1 _eecip _f20 _gy-gencatlg |
||
| 942 |
_2ddc _cBK |
||
| 999 |
_c590134 _d590134 |
||